<?xml version="1.0" encoding="UTF-8"?>
<record
    xmlns:xsi="http://www.w3.org/2001/XMLSchema-instance"
    xsi:schemaLocation="http://www.loc.gov/MARC21/slim http://www.loc.gov/standards/marcxml/schema/MARC21slim.xsd"
    xmlns="http://www.loc.gov/MARC21/slim">

  <leader>01187nam a22002297a 4500</leader>
  <controlfield tag="008">140530s2007    mx ||||| |||| 001 0 spa d</controlfield>
  <datafield tag="020" ind1=" " ind2=" ">
    <subfield code="a">9788448156770</subfield>
  </datafield>
  <datafield tag="050" ind1=" " ind2="4">
    <subfield code="a">HM1011 G37</subfield>
  </datafield>
  <datafield tag="100" ind1="1" ind2=" ">
    <subfield code="a">Garrido, Alicia. </subfield>
    <subfield code="9">Autor</subfield>
  </datafield>
  <datafield tag="245" ind1="1" ind2="0">
    <subfield code="a">Psicolog&#xED;a social: </subfield>
    <subfield code="b">perspectivas psicol&#xF3;gicas y sociol&#xF3;gicas / </subfield>
    <subfield code="c">Alicia Garrido, Jos&#xE9; Luis &#xC1;lvarado.</subfield>
  </datafield>
  <datafield tag="250" ind1=" " ind2=" ">
    <subfield code="a">2a ed.</subfield>
  </datafield>
  <datafield tag="260" ind1=" " ind2=" ">
    <subfield code="a">Madrid: </subfield>
    <subfield code="b">McGraw Hill, </subfield>
    <subfield code="c">2007.</subfield>
  </datafield>
  <datafield tag="300" ind1=" " ind2=" ">
    <subfield code="a">xvi, 559 p.; </subfield>
    <subfield code="c">24 cm.</subfield>
  </datafield>
  <datafield tag="500" ind1=" " ind2=" ">
    <subfield code="a">Educaci&#xF3;n mixta
Lic. Max Administraci&#xF3;n / Psicolog&#xED;a organizacional P19 (04 004454)</subfield>
  </datafield>
  <datafield tag="500" ind1=" " ind2=" ">
    <subfield code="a">Incluye bibliograf&#xED;a (p.513-545)
Incluye &#xED;ndice de autores (p. 547-553)
Incluye &#xED;ndice anal&#xED;tico (p. 555-559)</subfield>
  </datafield>
  <datafield tag="505" ind1="2" ind2=" ">
    <subfield code="a">Los inicios del pensamiento psicosociol&#xF3;gico en la segunda mitad del siglo XX; la consolidaci&#xF3;n de la psicolog&#xED;a social como disciplina independiente; la evoluci&#xF3;n de la psicolog&#xED;a social como disciplina cient&#xED;fica independiente; la evoluci&#xF3;n de la psicolog&#xED;a social hasta los a&#xF1;os 1970; la psicolog&#xED;a social actual.</subfield>
  </datafield>
  <datafield tag="650" ind1="1" ind2="4">
    <subfield code="a">PSICOLOGIA SOCIAL</subfield>
    <subfield code="x">HISTORIA</subfield>
    <subfield code="y">SIGLO XX</subfield>
  </datafield>
  <datafield tag="650" ind1="2" ind2="4">
    <subfield code="a">PSICOLOGIA</subfield>
  </datafield>
  <datafield tag="650" ind1="3" ind2="4">
    <subfield code="a">SOCIOLOGIA</subfield>
  </datafield>
  <datafield tag="700" ind1="1" ind2=" ">
    <subfield code="a">&#xC1;lvarado, Jos&#xE9; Luis., </subfield>
    <subfield code="e">aut.</subfield>
  </datafield>
  <datafield tag="942" ind1=" " ind2=" ">
    <subfield code="c">LB</subfield>
  </datafield>
  <datafield tag="952" ind1=" " ind2=" ">
    <subfield code="0">0</subfield>
    <subfield code="1">0</subfield>
    <subfield code="4">0</subfield>
    <subfield code="7">0</subfield>
    <subfield code="a">04</subfield>
    <subfield code="b">04</subfield>
    <subfield code="d">2014-05-30</subfield>
    <subfield code="l">16</subfield>
    <subfield code="o">HM1011 G37 </subfield>
    <subfield code="p">04 004454</subfield>
    <subfield code="r">2019-08-28</subfield>
    <subfield code="s">2019-08-28</subfield>
    <subfield code="t">1</subfield>
    <subfield code="w">2014-05-30</subfield>
    <subfield code="y">LB</subfield>
  </datafield>
  <datafield tag="999" ind1=" " ind2=" ">
    <subfield code="c">92938</subfield>
    <subfield code="d">92938</subfield>
  </datafield>
</record>
